000 00956nam a22003730a 4500
001 PT48068
003 AR-LpoUNG
005 20210131231218.0
008 191001s1996||||ag |||||||||||||||||spa d
020 _a9507861254
_c$6.66
040 _aAR-LpoUNG
_bspa
_cAR-LpoUNG
_eaacr
041 _aspa
044 _aag
082 0 _a982.062 673der
100 1 _aPisarello Virasoro, Roberto G.
245 1 0 _aCómo y por qué fue derrocado Frondizi
250 _a1º ed.
260 _aBuenos Aires :
_bBiblos,
_c1996.
300 _a126 p. :
_bfot.
650 4 _aANALISIS HISTORICO
650 4 _aARGENTINA
650 4 _aDEMOCRACIA
650 4 _aELECCIONES
650 4 _aFUERZAS ARMADAS
650 4 _aGOBIERNO CENTRAL
650 4 _aHISTORIA POLITICA
650 4 _aMOVIMIENTOS SOCIALES
650 4 _aPARTIDOS POLITICOS
650 4 _aREVOLUCION
651 4 _aArgentina
700 1 _aCúneo, Dardo
_epról.
905 _a48068
942 _cLIB
999 _c8687
_d8687